| 000 | 00635nam a2200253Ia 4500 | ||
|---|---|---|---|
| 003 | OSt | ||
| 005 | 20221005101714.0 | ||
| 006 | a|||||r|||| 00| 0 | ||
| 007 | ta | ||
| 008 | 221004b |||||||| |||| 00| 0 eng d | ||
| 024 | _a44444 | ||
| 037 | _cTextual | ||
| 040 |
_aCRL _cCRL _beng |
||
| 041 |
_2eng _aeng |
||
| 082 | _aO31xk, M9 | ||
| 100 | _aPerumal V | ||
| 245 | 0 | _aIntroduction to Tamil studies | |
| 260 |
_aTrivandrum _bCBE _c1989 |
||
| 300 |
_a106p _ccm. |
||
| 650 | _a ENGLISH LITERATURE | ||
| 650 | _aTAMIL LITERATURE | ||
| 942 |
_hO31xk, M9 _cTEXL _2cc |
||
| 999 |
_c1007234 _d1007234 |
||